Metalurgické spájanie Mg zliatiny s oceľou laserom

Salvato in:
Dettagli Bibliografici
Autore principale: Hudec, Patrik (Autore)
Altri autori: Sahul, Miroslav (Relatore della tesi)
Natura: Manoscritto Libro
Lingua:slovacco
Pubblicazione: 2016
Soggetti:
Accesso online:http://is.stuba.sk/zp/portal_zp.pl?podrobnosti=105773
Tags: Aggiungi Tag
Nessun Tag, puoi essere il primo ad aggiungerne!!

MARC

LEADER 00000ntm a22000003a 4500
001 stuzp56315
003 SK-STU
005 20160719154949.5
007 ta
008 150427s2015----xo-----f-mn---000-0-slo-d
040 |a STU  |b slo 
041 0 |a slo 
100 1 |a Hudec, Patrik  |u 063000  |4 aut  |U MTF Materiálovotechnologická fakulta  |T MTF Ústav výrobných technológií  |X 71524  |U M3000  |Y 83  |7 71524 
242 0 1 |a Metallurgical joining of magnesium alloy to steel with laser  |y eng 
245 1 0 |a Metalurgické spájanie Mg zliatiny s oceľou laserom 
260 |c 2016 
650 4 |a laser  |2 slo 
650 4 |a horčíková zliatina  |2 slo 
650 4 |a oceľ  |2 slo 
650 4 |a zvaro-spájkovanie  |2 slo 
650 4 |a intermetalické fázy  |2 slo 
650 4 |a laser  |2 eng 
650 4 |a magnesium alloy  |2 eng 
650 4 |a steel  |2 eng 
650 4 |a welding brazing  |2 eng 
650 4 |a intermetallic compounds  |2 eng 
700 1 |a Sahul, Miroslav  |u 063000  |k Z2  |4 ths  |U MTF Materiálovotechnologická fakulta  |T MTF Ústav výrobných technológií  |X 32776  |U M3000  |Y 83  |7 A000032776 
856 4 |u http://is.stuba.sk/zp/portal_zp.pl?podrobnosti=105773 
996 |c M* BP-7637  |l MMSKP  |s P  |a 0  |w stuzp56315_0001 
SQL |a stuzp56315  |b DBP  |c SLO  |d Metalurgické spájanie Mg zliatiny s oceľou laserom  |e 71524  |f Hudec, Patrik  |g 063000  |h 32776  |i Sahul, Miroslav  |j 20160621  |k 178  |l 06  |m http://is.stuba.sk/zp/portal_zp.pl?podrobnosti=105773  |n B-VTE  |o 5.2.51. výrobné technológie